| 000 | 00663nam a22001937a 4500 | ||
|---|---|---|---|
| 005 | 20230223065202.0 | ||
| 008 | 230223b |||||||| |||| 00| 0 eng d | ||
| 020 | _a978-1-72881-436-6 | ||
| 082 | _a646.432 P948 2017 | ||
| 100 |
_aPrier, Alice _eauthor |
||
| 245 |
_aPattern making template for skirts and dresses: _ball you need to design, adapt and customise your clothes _cAlice Prier, Lilia Prier Tisdall |
||
| 260 |
_aTunbridge Wells, Kent: _bSearch Press, _cc2017 |
||
| 300 |
_a[144]p.: _bill. (some col) |
||
| 504 | _aIncludes index | ||
| 541 | _e6719 | ||
| 650 | _aDressmaking - Patterns design | ||
| 650 | _aSkirts | ||
| 700 |
_aTisdall, Lilia P. _eauthor |
||
| 999 |
_c1407 _d1407 |
||